000 00616nam a2200229Ia 4500
005 20260430150230.0
008 008 250103s9999 xx 000 0 eng d
037 _aTheses
040 _aCRL
040 _beng
040 _ceng
041 _2eng
041 _aeng
084 _qCRL
100 _aTiwari Chandranshu Au.; Diwakar Swati Gu.
_91236877
245 0 _aKatydids of India: Bioacoustics and Behavioral Ecology
260 _c2022
300 _a214p.
700 _aUniversity of Delhi. Faculty of Science. Department of Environmental Studies
_9540397
942 _cTH
999 _c1849278
_d1849278